Essential Fashion Illustration : Digital /

Essential Fashion Illustration: Digital is a complete, in-depth tutorial that guides readers step-by-step through the digital techniques typically employed in fashion design and illustration.

Bibliographic Details
Main Author: Streeter, Loreto (Author)
Corporate Author: Safari, an O'Reilly Media Company
Format: eBook
Language:English
Published: Rockport Publishers, 2011.
Edition:1st edition.
Subjects:
Online Access:Connect to this electronic resource

MARC

Tag First Indicator Second Indicator Subfields
LEADER 00000uam a2200000 a 4500
001 in00004132003
005 20260123214801.5
006 m o d
007 cr cn
008 080513s2011 xx o eng
020 |z 9781610581042 
020 |z 9781592536320 
035 |a (CaSebORM)9781592536320 
040 |d UtOrBLW 
041 0 |a eng 
100 1 |a Streeter, Loreto,  |e author. 
245 1 0 |a Essential Fashion Illustration :  |b Digital /  |c Streeter, Loreto. 
250 |a 1st edition. 
264 1 |b Rockport Publishers,  |c 2011. 
300 |a 1 online resource (192 pages) 
336 |a text  |b txt  |2 rdacontent 
337 |a computer  |b c  |2 rdamedia 
338 |a online resource  |b cr  |2 rdacarrier 
347 |a text file 
520 |a Essential Fashion Illustration: Digital is a complete, in-depth tutorial that guides readers step-by-step through the digital techniques typically employed in fashion design and illustration. 
533 |a Electronic reproduction.  |b Boston, MA :  |c Safari,  |n Available via World Wide Web.  |d 2010. 
538 |a Mode of access: World Wide Web. 
542 |f Copyright © Rockport Publishers  |g 2010 
588 |a Online resource; Title from title page (viewed January 19, 2011) 
500 |a Electronic resource. 
655 7 |a Electronic books.  |2 local 
710 2 |a Safari, an O'Reilly Media Company. 
856 4 0 |u https://proxy.library.tamu.edu/login?url=https://go.oreilly.com/TAMU/library/view/-/9781592536320/?ar  |z Connect to this electronic resource  |t 0 
999 f f |s f7f75e55-6a3d-31d7-8d1d-dae2a8be6927  |i 7629c172-08dd-38a3-b306-0e16d1972213  |t 0 
952 f f |a Texas A&M University  |b College Station  |c Electronic Resources  |s www_evans  |d Available Online  |t 0  |h No information provided 
998 f f |t 0  |l Available Online